Návrat márnotratnej dcéry, alebo, Tieta z Agreste / [1. zv.] /

Uložené v:
Podrobná bibliografia
Hlavný autor: Amado, Jorge, 1912-2001
Médium: Kniha
Jazyk:Slovak
Portuguese
Vydané: Bratislava : Slovenský spisovateľ, 1987.
Vydanie:1. vyd.
Edícia:Spoločnosť priateľov krásnych kníh zv. 480
ISBN: (viaz.)
Fyzický popis: 351 s. ; 21 cm.
Tagy: Pridať tag
Žiadne tagy, Buďte prvý kto otaguje tento záznam!

MARC

LEADER 00000nam a22000004a 4500
001 000339921
005 20080930171613.0
008 080930s1987 xo g 000 f slo d
020 |a (viaz.) 
040 |a SVKKK  |b slo  |c SVKKK  |e AACR2 
041 1 |a slo  |h por 
044 |a xo  |c SK 
100 1 |a Amado, Jorge,  |d 1912-2001 
245 1 0 |a Návrat márnotratnej dcéry, alebo, Tieta z Agreste /  |n [1. zv.] /  |c Jorge Amado. 
246 3 0 |a Tieta z Agreste 
250 |a 1. vyd. 
260 |a Bratislava :  |b Slovenský spisovateľ,  |c 1987. 
300 |a 351 s. ;  |c 21 cm. 
490 1 |a Spoločnosť priateľov krásnych kníh  |v zv. 480 
830 0 |a Spoločnosť priateľov krásnych kníh  |v zv. 480 
910 |a svkkk 
998 |a BK 
090 |g SCKHL  |k Sklad Pribinova 2. posch.  |a II.324243  |j 765375  |i 2720282730  |s Absenčne